| 000 | 00756nam a22002770a 4500 | ||
|---|---|---|---|
| 001 | PT36319 | ||
| 003 | AR-LpoUNG | ||
| 005 | 20260131014306.0 | ||
| 008 | 191001s2009||||ag |||||||||||||||||spa d | ||
| 020 |
_a9789871599004 _c$4.75 |
||
| 040 |
_aAR-LpoUNG _bspa _cAR-LpoUNG _eaacr |
||
| 041 | 0 | _aspa | |
| 044 | _aag | ||
| 082 | 0 | _a334.01 787eco | |
| 100 | 1 |
_aCoraggio, José Luis _eorg. _93 |
|
| 245 | 1 | 0 |
_a¿Qué es lo económico? : _bmateriales para un debate necesario contra el fatalismo |
| 250 | _a1ra. ed. | ||
| 260 |
_aBuenos Aires : _bCICCUS, _c2009. |
||
| 300 |
_a176 p. : _btbls. |
||
| 650 | 4 | _aECONOMIA | |
| 650 | 4 | _aTEORIA ECONOMICA | |
| 653 | 0 | _aECONOMIA SOCIAL | |
| 653 | 0 | _aECONOMIA SOLIDARIA | |
| 905 | _a36319 | ||
| 942 |
_cLIB _2ddc |
||
| 999 |
_c3001 _d3001 |
||